书目信息 |
| 题名: |
揭竿而起
|
|
| 作者: | 周力 著 | |
| 分册: | ||
| 出版信息: | 沈阳 辽海出版社 2006 |
|
| 页数: | 188页 | |
| 开本: | 19cm | |
| 丛书名: | 中国历史文化丛书 | |
| 单 册: | ||
| 中图分类: | K201 | |
| 科图分类: | ||
| 主题词: | 农民运动--历史--中国--古代 , 农民运动 | |
| 电子资源: | ||
| ISBN: | 7-80638-865-6 | |
| 000 | 00915oam2 2200289 450 | |
| 001 | 012007897500 | |
| 005 | 20070605143102.90 | |
| 010 | @a7-80638-865-6@dCNY720.00(全30册) | |
| 100 | @a20070601d2006 km y0chiy0120 ea | |
| 101 | 0 | @achi |
| 102 | @aCN@b210000 | |
| 105 | @ay z 000yy | |
| 106 | @ar | |
| 200 | 1 | @a揭竿而起@Ajie gan er qi@e中国历代农民起义@f周力著@Fzhou li zhu |
| 205 | @a2版 | |
| 210 | @a沈阳@c辽海出版社@d2006 | |
| 215 | @a188页@d19cm | |
| 225 | 2 | @a中国历史文化丛书 |
| 330 | @a本书主要内容包括:大泽怒潮,反莽复汉的惊涛骇浪,苍黄大决战,敲响西晋灭亡的丧钟,北魏末年的农民大起义,乱世与治世的壮举等。 | |
| 461 | 0 | @12001 @a中国历史文化丛书 |
| 517 | 1 | @a中国历代农民起义@Azhong guo li dai nong min qi yi |
| 606 | 0 | @a农民运动@x历史@y中国@z古代 |
| 606 | 0 | @a农民运动 |
| 690 | @aK201@v4 | |
| 701 | 0 | @a周力@Azhou li@4著 |
| 801 | 0 | @aCN@bRULIN@c20070605 |
| 905 | @dK201@e105=2@s5 | |
| 揭竿而起:中国历代农民起义/周力著.-2版.-沈阳:辽海出版社,2006 |
| 188页;19cm.-(中国历史文化丛书) |
| ISBN 7-80638-865-6:CNY720.00(全30册) |
| 本书主要内容包括:大泽怒潮,反莽复汉的惊涛骇浪,苍黄大决战,敲响西晋灭亡的丧钟,北魏末年的农民大起义,乱世与治世的壮举等。 |
| ● |
| 相关链接 |
|
|
|
|
正题名:揭竿而起
索取号:K201/105=2
 
预约/预借
| 序号 | 登录号 | 条形码 | 馆藏地/架位号 | 状态 | 备注 |
| 1 | 0582782 | 205827827 | 第二样本阅览室/ [索取号:K201/105=2] | 在馆 | |
| 2 | 0582783 | 205827836 | 第二借阅区/ [索取号:K201/105=2] | 在馆 | |
| 3 | 0582784 | 205827845 | 第二借阅区/ [索取号:K201/105=2] | 在馆 | |
| 4 | 0582785 | 205827854 | 第二借阅区/ [索取号:K201/105=2] | 在馆 | |
| 5 | 0582786 | 205827863 | 第二借阅区/ [索取号:K201/105=2] | 在馆 |